|
|
|
|
| LEADER |
01449nam a2200289 u 4500 |
| 001 |
10095678 |
| 003 |
upatras |
| 005 |
20210117203128.0 |
| 008 |
111216s2007 gre |
| 020 |
|
|
|a 9608979710
|
| 040 |
|
|
|a GR-PaULI
|c GR-PaULI
|
| 041 |
0 |
|
|a gre
|
| 082 |
1 |
4 |
|a 889.28
|2 ΕΕΒ
|
| 100 |
1 |
|
|a Δήμου, Άκης
|d 1964-
|4 aut
|9 102576
|
| 245 |
1 |
0 |
|a Το αίμα που μαράθηκε
|b (ένα σκοτεινό παραμύθι με αφορμή το μυθιστόρημα του Κωνσταντίνου Χρηστομάνου Η Κερένια Κούκλα)
|c Άκης Δήμου; [πρόλογος Λίνα Ρόζη]
|
| 260 |
|
|
|a Αθήνα
|b Σοκόλη - Κουλεδάκης
|c 2007
|
| 300 |
|
|
|a [78] σ., [7] σ. με φωτ.
|b εικ.
|c 21 εκ.
|
| 490 |
0 |
|
|a Θέατρο / Σοκόλη - Κουλεδάκης
|v 6
|
| 650 |
|
4 |
|a Ελληνικά θεατρικά έργα
|y 21ος αιώνας
|9 102577
|
| 600 |
1 |
4 |
|9 51790
|a Χρηστομάνος, Κωνσταντίνος,
|d 1867-1911
|
| 700 |
1 |
|
|a Ρόζη, Λίνα
|4 aui
|9 102397
|
| 760 |
1 |
|
|a Θέατρο
|g 6
|
| 852 |
|
|
|a GR-PaULI
|b ΠΑΤΡΑ
|b ΘΕΑΤΡΟΛΟΓΙΑ
|k ΑΣΧΕ-3
|h 889.28 ΔΗΜ
|m 09014
|p 025000197511
|t 1
|
| 942 |
|
|
|2 ddc
|c BK15
|
| 952 |
|
|
|0 0
|1 0
|4 0
|6 889_280000000000000_ΔΗΜ
|7 0
|9 106152
|a THST
|b THST
|d 2016-04-24
|i 09014
|l 1
|o 889.28 ΔΗΜ
|p 025000197511
|r 2023-12-05 00:00:00
|s 2023-10-31
|t 1
|w 2016-04-24
|y BK15
|
| 998 |
|
|
|c ΜΑΝΙΑ
|d 2011-12
|
| 999 |
|
|
|c 71351
|d 71351
|